Library Banner

Balanced Sourcing: (Record no. 22191)

MARC details
000 -LEADER
fixed length control field 00472nam a2200169Ia 4500
001 - CONTROL NUMBER
control field 21893
008 - FIXED-LENGTH DATA ELEMENTS--GENERAL INFORMATION
fixed length control field 140409s9999 xx 000 0 und d
020 ## - INTERNATIONAL STANDARD BOOK NUMBER
International Standard Book Number 0-7879-4443-2
040 ## - CATALOGING SOURCE
Transcribing agency PK-LaUMT
082 ## - DEWEY DECIMAL CLASSIFICATION NUMBER
Classification number 658.72
Item number LES-B
100 ## - MAIN ENTRY--PERSONAL NAME
Personal name Timothy M. Laseter
245 ## - TITLE STATEMENT
Title Balanced Sourcing:
Remainder of title Cooperation and Competition in Supplier Relationship
Statement of responsibility, etc Timothy M. Laseter
260 ## - PUBLICATION, DISTRIBUTION, ETC. (IMPRINT)
Place of publication, distribution, etc San Francisco,USA:
Name of publisher, distributor, etc Jossey-Bass,
Date of publication, distribution, etc 1998
300 ## - PHYSICAL DESCRIPTION
Extent 256 p.
546 ## - LANGUAGE NOTE
Language note EN
942 ## - ADDED ENTRY ELEMENTS (KOHA)
Koha item type Books
Holdings
Withdrawn status Lost status Damaged status Not for loan Home library Current library Date acquired Total Checkouts Full call number Barcode Date last seen Price effective from Koha item type
        UMT Main Campus UMT Main Campus 2014-04-09   658.72 LES-B 24622 2014-04-23 2014-04-23 Books